| 000 | 00420nam a22001577a 4500 | ||
|---|---|---|---|
| 005 | 20240227065819.0 | ||
| 008 | 240227b |||||||| |||| 00| 0 eng d | ||
| 082 |
_222 _a323. _bTAM. |
||
| 100 | _aRaghavan, M.D | ||
| 245 |
_aTamil Culture in Ceylon : _bA General introduction / _cM.D. Raghavan |
||
| 260 |
_aColombo ; _bKalai Nilayam Limited / |
||
| 300 | _a316 p., | ||
| 650 | _aRacial. | ||
| 650 | _aCultural. | ||
| 942 | _cL | ||
| 999 |
_c509 _d509 |
||